Indie czy Rosja? - Statystyki

Ogólne statystyki
  • Ten quiz został rozwiązany 718 razy
  • Średni wynik to 9 z 11
Statystyki odpowiedzi
Zagadnienie Odpowiedź % Poprawnych
Który ma większą powierzchnię Rosja
100%
Który graniczy z Kazachstanem Rosja
100%
Który nazywa się "Россия" w swoim języku urzędowym Rosja
100%
Gdzie premierem jest Narendra Modi Indie
92%
Gdzie jest więcej muzłumanów Indie
92%
Który ma większą liczbę ludności Indie
85%
Który ma dłuższą granicę lądową z Chinami Rosja
85%
Gdzie jedna z rewolucji jest znana jako "październikowa" Rosja
77%
Który ma mniej broni nuklearnych Indie
69%
Który ma kod telefoniczny +91 Indie
54%
Który ma większe PKB Indie
46%
Nie znaleziono quizów pasujących do podanych kryteriów
Rozkład punktacji
Procent ludzi z każdym wynikiem
Percentyl według liczby udzielonych odpowiedzi
Twoja historia wyników
Nie rozwiązałeś tego quizu